000 00594nam a2200229 a 4500
001 0001-1367
003 ELIB.Books
008 160712 2010 eng
020 _a0198780273
035 _a(ELIB.Books)0001-1522
092 _a302.5
_bAvi
100 _aavineri, Shalomo.
245 _aCommunitarianism and Individualism
260 _aOxford
_bOxford University Press
_c1992
300 _a237
_c21.5 Cm
650 _aRelation of Individual to Society
856 _nKBTS Library
_uElib
942 _2ddc
_cBK
990 _a1
998 _cbat
_e2016-07-12
999 _c11367
_d11367